[Event "DVM U12 2019"]
[Site "Magdeburg GER"]
[Date "2019.12.28"]
[Round "4"]
[White "Marcziter, Alex"]
[Black "Atar, Efecan"]
[Result "1-0"]
[Termination "normal"]
[Board "8.2"]
[WhiteElo "1335"]
[BlackElo "1417"]
[WhiteTeam "Schachgemeinschaft Porz e. V."]
[BlackTeam "Schachklub Kerpen 64 e. V."]
[PlyCount "61"]
[WhiteFideId "16258126"]
[BlackFideId "16266420"]
[EventCountry "GER"]
[EventRounds "7"]
[EventType "team-swiss"]
[EventDate "2019.12.26"]

1. e4 e5 2. Nf3 Nc6 3. Bc4 Nf6 4. Ng5 d5 5. exd5 Na5 6. Bb5+ c6 7. dxc6 bxc6 8.
Be2 h6 9. Nf3 e4 10. Ne5 Bd6 11. d4 exd3 12. Nxd3 O-O 13. O-O Qc7 14. h3 c5 15.
b3 Bb7 16. Bf3 Rad8 17. Nd2 Bxf3 18. Qxf3 c4 19. bxc4 Nxc4 20. Nxc4 Qxc4 21.
Bxh6 Ba3 22. Qg3 Ne8 23. Rfe1 Qc3 24. Rad1 Qxc2 25. Bg5 Rd4 26. Qf3 Nd6 27. Nf4
Nf5 28. Rxd4 Nxd4 29. Qxa3 Qf5 30. Qd3 Qa5 31. Rd1 1-0

[Event "DVM U12 2019"]
[Site "Magdeburg GER"]
[Date "2019.12.28"]
[Round "4"]
[White "Hartl, Jan"]
[Black "Wegener, Moritz"]
[Result "0-1"]
[Termination "normal"]
[Board "8.3"]
[WhiteElo "1186"]
[BlackElo "1226"]
[WhiteTeam "Schachklub Kerpen 64 e. V."]
[BlackTeam "Schachgemeinschaft Porz e. V."]
[PlyCount "114"]
[WhiteFideId "16258460"]
[BlackFideId "16298080"]
[EventCountry "GER"]
[EventRounds "7"]
[EventType "team-swiss"]
[EventDate "2019.12.26"]

1. e4 c5 2. Nf3 Nc6 3. Nc3 e6 4. Bc4 Nf6 5. d4 cxd4 6. Nxd4 Be7 7. Nf3 O-O 8.
Bf4 a6 9. O-O b5 10. Be2 b4 11. Na4 Nxe4 12. Qd3 d5 13. Ne5 Nxe5 14. Bxe5 f6
15. Bf4 a5 16. f3 Nc5 17. Nxc5 Bxc5+ 18. Be3 Ba6 19. Qd2 Bxe2 20. Bxc5 Bxf1 21.
Bxf8 Qb6+ 22. Kxf1 Kxf8 23. c3 Qb5+ 24. Ke1 Qc5 25. Kf1 Rb8 26. Rc1 Rc8 27. Qd3
Qc4 28. Qxc4 Rxc4 29. Ke2 Ke7 30. Kd3 bxc3 31. Rxc3 Rxc3+ 32. Kxc3 Kd6 33. f4
e5 34. g3 d4+ 35. Kc4 Ke6 36. b4 axb4 37. Kxb4 Kd5 38. a4 e4 39. Kb3 d3 40. Kc3
Kc5 41. h3 Kb6 42. g4 Ka5 43. Kb3 e3 44. Kc3 d2 45. Kc2 Kxa4 46. h4 Kb4 47. f5
Kc4 48. g5 Kd4 49. gxf6 gxf6 50. h5 Ke4 51. h6 Kf3 52. Kd3 d1=Q+ 53. Kc3 e2 54.
Kb2 Qd3 55. Ka2 e1=Q 56. Kb2 Qee2+ 57. Kc1 Qdd1# 0-1

[Event "DVM U12 2019"]
[Site "Magdeburg GER"]
[Date "2019.12.28"]
[Round "4"]
[White "Harke, Fabian"]
[Black "Ilhan, Kiwan Noah"]
[Result "1-0"]
[Termination "normal"]
[Board "8.4"]
[WhiteElo "795"]
[BlackElo "912"]
[WhiteTeam "Schachgemeinschaft Porz e. V."]
[BlackTeam "Schachklub Kerpen 64 e. V."]
[PlyCount "49"]
[WhiteFideId "16298101"]
[BlackFideId "16298110"]
[EventCountry "GER"]
[EventRounds "7"]
[EventType "team-swiss"]
[EventDate "2019.12.26"]

1. d4 d5 2. Nf3 Nc6 3. Nc3 h6 4. Bf4 Nf6 5. e3 Ne4 6. Nb5 Kd7 7. Bxc7 Qe8 8.
Bf4 Qd8 9. Nc7 Rb8 10. Ne6 Qa5+ 11. c3 Nd6 12. Nc5+ Ke8 13. e4 e6 14. exd5 exd5
15. Bd3 b6 16. Nb3 Qa4 17. O-O Rb7 18. Qe2+ Be7 19. Bxd6 Kf8 20. Bxe7+ Rxe7 21.
Qd2 Bg4 22. Bc2 Bxf3 23. gxf3 Re6 24. Nc5 Qxc2 25. Qxc2 1-0

[Event "DVM U12 2019"]
[Site "Magdeburg GER"]
[Date "2019.12.28"]
[Round "4"]
[White "Uhlmann, Tim"]
[Black "Robelly, David"]
[Result "1-0"]
[Termination "normal"]
[Board "9.1"]
[WhiteElo "1446"]
[BlackElo "1289"]
[WhiteTeam "SF Neureut 1953 e.V."]
[BlackTeam "SC Wolfratshausen 1948 e.V."]
[PlyCount "67"]
[WhiteFideId "16239210"]
[BlackFideId "16236300"]
[EventCountry "GER"]
[EventRounds "7"]
[EventType "team-swiss"]
[EventDate "2019.12.26"]

1. e4 d6 2. Bc4 Nf6 3. d3 e5 4. f4 Nc6 5. Nf3 Bg4 6. h3 Bxf3 7. Qxf3 Nd4 8. Qf2
a6 9. Be3 Nc6 10. Nc3 Qd7 11. O-O O-O-O 12. b4 Nxb4 13. Rab1 Nc6 14. Nd5 Nxd5
15. Bxd5 f6 16. f5 Qe8 17. c3 b6 18. Qb2 Kd7 19. Bxb6 Rb8 20. Bxc6+ Kxc6 21.
Qb3 cxb6 22. Qd5+ Kd7 23. d4 b5 24. c4 b4 25. Rfc1 Kc8 26. c5 dxc5 27. dxc5 Qd7
28. Qb3 Be7 29. c6 Qd6 30. Rd1 Qc5+ 31. Kh1 Re8 32. Qe6+ Kc7 33. Rd7+ Kb6 34.
c7+ 1-0

[Event "DVM U12 2019"]
[Site "Magdeburg GER"]
[Date "2019.12.28"]
[Round "4"]
[White "Pichl, Christoph"]
[Black "Scheinmaier, Mark"]
[Result "1-0"]
[Termination "normal"]
[Board "9.2"]
[WhiteElo "1565"]
[BlackElo "1399"]
[WhiteTeam "SC Wolfratshausen 1948 e.V."]
[BlackTeam "SF Neureut 1953 e.V."]
[PlyCount "129"]
[WhiteFideId "16249739"]
[BlackFideId "16238958"]
[EventCountry "GER"]
[EventRounds "7"]
[EventType "team-swiss"]
[EventDate "2019.12.26"]

1. d4 Nf6 2. Bf4 e6 3. e3 c5 4. c3 a6 5. Bd3 d5 6. Nd2 Nc6 7. Ngf3 Bd6 8. Bg3
c4 9. Bc2 b5 10. Ne5 Bb7 11. O-O Bxe5 12. Bxe5 Nxe5 13. dxe5 Nd7 14. f4 g5 15.
Qh5 Qb6 16. Rae1 O-O-O 17. Qxg5 Rdg8 18. Qh4 d4 19. Be4 dxe3 20. Bxb7+ Kxb7 21.
Ne4 Rg7 22. g3 Rhg8 23. Qh5 f5 24. exf6 Nxf6 25. Qf3 Nd5 26. Nf6 Rd8 27. Nxd5
Rxd5 28. Qxe3 Qxe3+ 29. Rxe3 Rd2 30. Rf2 Rgd7 31. Rxe6 Rxf2 32. Kxf2 Rd2+ 33.
Re2 Rd7 34. Kf3 Rg7 35. g4 Kc7 36. h4 Kd7 37. f5 a5 38. a3 Kd6 39. Kf4 h6 40.
Re6+ Kd5 41. Rxh6 Re7 42. Re6 Rf7 43. Re5+ Kc6 44. g5 Rh7 45. Kg4 a4 46. h5 Rd7
47. Re2 Rd1 48. g6 Rg1+ 49. Kf4 Kd5 50. h6 Rf1+ 51. Kg5 Rg1+ 52. Kf6 b4 53.
axb4 a3 54. bxa3 Kd6 55. h7 Rh1 56. Kg7 Rh5 57. h8=Q Rxf5 58. Qd8+ Kc6 59. Qc8+
Kb5 60. Qxf5+ Ka4 61. Qa5+ Kb3 62. Re4 Ka2 63. Qa4 Kb1 64. Re2 Ka1 65. Qd1# 1-0

[Event "DVM U12 2019"]
[Site "Magdeburg GER"]
[Date "2019.12.28"]
[Round "4"]
[White "Braun, Justus"]
[Black "Neuwirth, Mark"]
[Result "1-0"]
[Termination "normal"]
[Board "9.3"]
[WhiteElo "1260"]
[BlackElo "1314"]
[WhiteTeam "SF Neureut 1953 e.V."]
[BlackTeam "SC Wolfratshausen 1948 e.V."]
[PlyCount "85"]
[WhiteFideId "16239954"]
[BlackFideId "16244958"]
[EventCountry "GER"]
[EventRounds "7"]
[EventType "team-swiss"]
[EventDate "2019.12.26"]

1. g3 e5 2. Bg2 c6 3. Nc3 d5 4. e4 d4 5. Nce2 Nf6 6. d3 c5 7. Nf3 Nc6 8. Bd2
Be6 9. Ng5 Bg4 10. O-O h6 11. Nf3 Qd7 12. Qe1 g5 13. Kh1 Ne7 14. Neg1 Qb5 15.
Rb1 Ng6 16. c3 Be6 17. c4 Qd7 18. b4 cxb4 19. Bxb4 Bxb4 20. Rxb4 b6 21. Qb1 Qc6
22. Rb5 Nd7 23. Rc1 Nc5 24. Ne2 Ke7 25. Rd1 f6 26. Qb4 Rhb8 27. Rb1 Rb7 28.
Rxc5 bxc5 29. Qxb7+ Qxb7 30. Rxb7+ Kf8 31. Nfg1 a6 32. Bh3 g4 33. Bg2 Ne7 34.
Rb6 Kf7 35. f3 h5 36. fxg4 hxg4 37. Bf1 Bd7 38. Kg2 Nc6 39. Kf2 Nb4 40. Nc1 Ke7
41. h3 gxh3 42. Bxh3 Bc6 43. Ke2 1-0

[Event "DVM U12 2019"]
[Site "Magdeburg GER"]
[Date "2019.12.28"]
[Round "4"]
[White "Fehlhaber, Alexander"]
[Black "Tang, Shunjie Roger"]
[Result "1-0"]
[Termination "normal"]
[Board "9.4"]
[WhiteElo "1137"]
[BlackElo "1280"]
[WhiteTeam "SC Wolfratshausen 1948 e.V."]
[BlackTeam "SF Neureut 1953 e.V."]
[PlyCount "71"]
[WhiteFideId "16298020"]
[BlackFideId "16298004"]
[EventCountry "GER"]
[EventRounds "7"]
[EventType "team-swiss"]
[EventDate "2019.12.26"]

1. e4 c5 2. d4 cxd4 3. c3 Nc6 4. Nf3 dxc3 5. Nxc3 g6 6. Bc4 Bg7 7. Qc2 d6 8.
Qb3 e6 9. O-O Na5 10. Qa4+ Bd7 11. Bb5 Bc6 12. b4 a6 13. Bxc6+ Nxc6 14. Bd2
Nge7 15. Rad1 O-O 16. Qb3 Qb6 17. a3 a5 18. Be3 Qc7 19. Nb5 Qb8 20. Nxd6 a4 21.
Qb1 b5 22. Qd3 Qc7 23. Qxb5 Rfd8 24. Bb6 Qb8 25. Qc5 Rd7 26. Nc4 Rxd1 27. Rxd1
Qf4 28. b5 Nd4 29. Nxd4 Bxd4 30. Qxd4 Nc6 31. bxc6 Rc8 32. Qd7 Rf8 33. c7 Qh6
34. c8=Q Kh8 35. Qxf7 Rxc8 36. Bd4+ 1-0

[Event "DVM U12 2019"]
[Site "Magdeburg GER"]
[Date "2019.12.28"]
[Round "4"]
[White "Isbilir, Levin"]
[Black "Fischer, Darja"]
[Result "1/2-1/2"]
[Termination "normal"]
[Board "10.1"]
[WhiteElo "1175"]
[BlackElo "1546"]
[WhiteTeam "SC Erlangen 48/88"]
[BlackTeam "Karlsruher SF 1853"]
[PlyCount "72"]
[WhiteFideId "16267192"]
[BlackFideId "16240898"]
[EventCountry "GER"]
[EventRounds "7"]
[EventType "team-swiss"]
[EventDate "2019.12.26"]

1. e4 d5 2. exd5 Qxd5 3. Nc3 Qd6 4. Nf3 Nf6 5. Bc4 Bg4 6. O-O e6 7. Be2 Be7 8.
d4 a6 9. Be3 Nc6 10. h3 Bh5 11. Na4 O-O 12. Nc5 Rab8 13. c3 Qd8 14. Nd3 b5 15.
Nfe5 Nxe5 16. Nxe5 Bxe2 17. Qxe2 Qd5 18. b3 Rfd8 19. c4 Qb7 20. cxb5 Qxb5 21.
Qxb5 Rxb5 22. Nc6 Re8 23. Nxe7+ Rxe7 24. Rfc1 Nd5 25. Kf1 Re8 26. Ke2 Rd8 27.
Rc4 Rdb8 28. Bd2 Kf8 29. Rac1 Ke7 30. Rc6 R8b6 31. Rxb6 Rxb6 32. Ba5 Rb7 33.
Rc6 Ra7 34. g3 Kd7 35. Rc5 Rb7 36. Kd3 g6 1/2-1/2

[Event "DVM U12 2019"]
[Site "Magdeburg GER"]
[Date "2019.12.28"]
[Round "4"]
[White "Kiefhaber, Tobias"]
[Black "Wedekind, Ferdinand"]
[Result "1-0"]
[Termination "normal"]
[Board "10.2"]
[WhiteElo "1483"]
[BlackElo "1215"]
[WhiteTeam "Karlsruher SF 1853"]
[BlackTeam "SC Erlangen 48/88"]
[PlyCount "87"]
[WhiteFideId "16240693"]
[BlackFideId "16298179"]
[EventCountry "GER"]
[EventRounds "7"]
[EventType "team-swiss"]
[EventDate "2019.12.26"]

1. d4 d5 2. Nf3 Nf6 3. Bf4 Bf5 4. e3 e6 5. c4 dxc4 6. Bxc4 Bd6 7. Bxd6 cxd6 8.
O-O O-O 9. Nc3 Nc6 10. Re1 d5 11. Bb3 Rc8 12. Rc1 Re8 13. a3 Qc7 14. Ne2 Bg4
15. Ne5 Qd6 16. Nxg4 Nxg4 17. Nf4 Nf6 18. Rc2 Rc7 19. Qc1 Rec8 20. Ree2 Na5 21.
Ba2 Nc4 22. Bxc4 Rxc4 23. Rxc4 Rxc4 24. Rc2 Qc7 25. Rxc4 Qxc4 26. Qxc4 dxc4 27.
f3 Kf8 28. Kf2 Ke7 29. Ke2 Kd6 30. e4 Nd7 31. e5+ Ke7 32. Kd2 b5 33. Kc3 Nb6
34. Kb4 Kd7 35. Kxb5 Kc7 36. a4 a6+ 37. Kb4 Kc6 38. a5 Nd5+ 39. Nxd5 exd5 40.
f4 h6 41. g3 g6 42. h3 h5 43. h4 g5 44. hxg5 1-0

[Event "DVM U12 2019"]
[Site "Magdeburg GER"]
[Date "2019.12.28"]
[Round "4"]
[White "Frech, Luis"]
[Black "Liu, Leon"]
[Result "1/2-1/2"]
[Termination "normal"]
[Board "10.3"]
[WhiteElo "1175"]
[BlackElo "1344"]
[WhiteTeam "SC Erlangen 48/88"]
[BlackTeam "Karlsruher SF 1853"]
[PlyCount "74"]
[WhiteFideId "16298187"]
[BlackFideId "16275047"]
[EventCountry "GER"]
[EventRounds "7"]
[EventType "team-swiss"]
[EventDate "2019.12.26"]

1. c4 e5 2. Nc3 c6 3. Nf3 d6 4. g3 Nf6 5. Bg2 Be6 6. d3 h6 7. O-O Be7 8. Qb3
Qb6 9. Be3 c5 10. Qxb6 axb6 11. Nb5 O-O 12. Nc7 Ra5 13. Nxe6 fxe6 14. Bh3 Kf7
15. Rfb1 Nc6 16. Bd2 Ra6 17. b4 cxb4 18. Bxb4 Nd4 19. Nxd4 exd4 20. Rb2 Rfa8
21. Bg2 R8a7 22. Bd2 Bd8 23. e3 dxe3 24. Bxe3 Ng4 25. Bf4 e5 26. Bd2 g5 27. Bh3
Nf6 28. f3 d5 29. Bf1 Bc7 30. Rc2 Ra4 31. Bg2 Ra3 32. Bf1 d4 33. c5 b5 34. c6
Nd5 35. Bg2 Rxd3 36. cxb7 Bd6 37. f4 Ne3 1/2-1/2

[Event "DVM U12 2019"]
[Site "Magdeburg GER"]
[Date "2019.12.28"]
[Round "4"]
[White "Kossert, Simon"]
[Black "Bajaj, Pranit"]
[Result "1-0"]
[Termination "normal"]
[Board "10.4"]
[WhiteElo "1343"]
[BlackElo "935"]
[WhiteTeam "Karlsruher SF 1853"]
[BlackTeam "SC Erlangen 48/88"]
[PlyCount "71"]
[WhiteFideId "16283287"]
[BlackFideId "16298195"]
[EventCountry "GER"]
[EventRounds "7"]
[EventType "team-swiss"]
[EventDate "2019.12.26"]

1. e4 e5 2. Nf3 Nc6 3. Nc3 Nf6 4. d4 exd4 5. Nxd4 Bc5 6. Nb3 Bb6 7. Bd3 O-O 8.
Bg5 h6 9. Bh4 d6 10. O-O Qe7 11. Nd5 Qe5 12. Bxf6 Qe6 13. Nxb6 axb6 14. Bc3 Qg6
15. e5 Qg5 16. exd6 Bh3 17. Qf3 Bg4 18. Qg3 cxd6 19. h3 Ne5 20. Bxe5 dxe5 21.
Qxg4 Qf6 22. Qf5 Qxf5 23. Bxf5 Rae8 24. Rfe1 f6 25. Bg6 Re7 26. f4 Rd7 27. fxe5
fxe5 28. Rad1 Rc7 29. Rxe5 Rxc2 30. Bxc2 Kf7 31. Rf1+ Kg8 32. Bh7+ Kxh7 33.
Rxf8 Kg6 34. h4 Kh7 35. h5 g5 36. Re7# 1-0